[Event "Elite Hotels Open 2025"]
[Site "Elite Stadshotellet, Växjö, Sweden"]
[Date "2025.02.08"]
[Round "5.11"]
[White "Gajic, Mladen"]
[Black "Karlsson, Jorgen"]
[Result "1-0"]
[TimeControl "R1-4: 15 min + 5 sek, R5-8: 90 min + 30 sek"]
[WhiteTitle "FM"]
[WhiteElo "2251"]
[BlackElo "2013"]

1. e4 {[%clk 01:30:59]} d6 {[%clk 01:30:54]} {[%emt 00:00:07]} 2. d4 {[%clk
01:31:23]} {[%emt 00:00:06]} Nd7 {[%clk 01:31:13]} {[%emt 00:00:11]} 3. Nf3
{[%clk 01:31:23]} {[%emt 00:00:29]} e6 {[%clk 01:31:33]} {[%emt 00:00:10]} 4.
Bd3 {[%clk 01:31:27]} {[%emt 00:00:26]} Ne7 {[%clk 01:31:56]} {[%emt 00:00:06]}
5. O-O {[%clk 01:31:37]} {[%emt 00:00:21]} c5 {[%clk 01:31:26]} {[%emt
00:01:00]} 6. c3 {[%clk 01:30:22]} {[%emt 00:01:45]} Qc7 {[%clk 01:29:38]}
{[%emt 00:02:18]} 7. a4 {[%clk 01:29:53]} {[%emt 00:01:00]} b6 {[%clk
01:23:47]} {[%emt 00:06:21]} 8. Na3 {[%emt 00:04:52]} a6 {[%clk 01:22:21]}
{[%emt 00:01:54]} 9. h3 {[%clk 01:13:43]} {[%emt 00:12:20]} Ng6 {[%clk
01:19:42]} {[%emt 00:03:09]} 10. Nh2 {[%clk 01:11:08]} {[%emt 00:03:05]} d5
{[%clk 01:15:02]} {[%emt 00:05:10]} 11. e5 {[%clk 00:57:59]} {[%emt 00:13:38]}
Nb8 {[%clk 01:07:58]} {[%emt 00:07:33]} 12. f4 {[%clk 00:47:41]} {[%emt
00:10:49]} Nc6 {[%clk 01:06:47]} {[%emt 00:01:41]} 13. Nf3 {[%clk 00:47:22]}
{[%emt 00:00:50]} cxd4 {[%clk 01:00:45]} {[%emt 00:06:32]} 14. Nxd4 {[%clk
00:45:51]} {[%emt 00:02:01]} Nxd4 {[%clk 00:54:45]} {[%emt 00:06:30]} 15. cxd4
{[%clk 00:46:19]} {[%emt 00:00:01]} Ne7 {[%clk 00:54:43]} {[%emt 00:00:32]} 16.
g4 {[%clk 00:42:22]} {[%emt 00:04:28]} f5 {[%clk 00:50:36]} {[%emt 00:04:36]}
17. Nc2 {[%clk 00:34:18]} {[%emt 00:08:34]} g6 {[%clk 00:46:32]} {[%emt
00:04:34]} 18. Bd2 {[%clk 00:34:34]} {[%emt 00:00:14]} Nc6 {[%clk 00:41:53]}
{[%emt 00:05:10]} 19. b4 {[%clk 00:32:21]} {[%emt 00:02:43]} fxg4 {[%clk
00:31:45]} {[%emt 00:10:38]} 20. hxg4 {[%clk 00:32:05]} {[%emt 00:00:45]} Qg7
{[%clk 00:29:49]} {[%emt 00:02:26]} 21. Kg2 {[%clk 00:31:25]} {[%emt 00:01:10]}
Be7 {[%clk 00:20:20]} {[%emt 00:09:59]} 22. Qe2 {[%clk 00:29:50]} {[%emt
00:02:06]} Nd8 {[%clk 00:15:12]} {[%emt 00:05:37]} 23. Rf3 {[%clk 00:25:03]}
{[%emt 00:05:17]} Nf7 {[%clk 00:14:33]} {[%emt 00:01:08]} 24. Rg3 {[%clk
00:21:40]} {[%emt 00:03:54]} Qf8 {[%clk 00:07:03]} {[%emt 00:08:01]} 25. Rh1
{[%clk 00:16:29]} {[%emt 00:05:41]} a5 {[%clk 00:05:04]} {[%emt 00:02:28]} 26.
Bb5+ {[%clk 00:16:02]} {[%emt 00:00:58]} Kd8 {[%clk 00:04:54]} {[%emt
00:00:39]} 27. bxa5 {[%clk 00:16:28]} {[%emt 00:00:04]} bxa5 {[%clk 00:03:41]}
{[%emt 00:01:42]} 28. Qe1 {[%clk 00:16:46]} {[%emt 00:00:13]} Bd7 {[%clk
00:02:56]} {[%emt 00:01:15]} 29. Bxa5+ {[%clk 00:16:10]} {[%emt 00:01:06]} Ke8
{[%clk 00:03:20]} {[%emt 00:00:06]} 30. Qc3 {[%clk 00:14:54]} {[%emt 00:01:45]}
Bd8 {[%clk 00:02:18]} {[%emt 00:01:34]} 31. Bb4 {[%clk 00:12:04]} {[%emt
00:03:20]} Be7 {[%clk 00:02:43]} {[%emt 00:00:05]} 32. Rb1 {[%clk 00:11:17]}
{[%emt 00:01:16]} Nd8 {[%clk 00:02:35]} {[%emt 00:00:39]} 33. Rf3 {[%clk
00:04:39]} {[%emt 00:07:07]} h5 {[%clk 00:02:50]} {[%emt 00:00:15]} 34. Qd3
{[%clk 00:03:40]} {[%emt 00:01:29]} Bxb5 {[%clk 00:02:32]} {[%emt 00:00:49]} 35.
Qxb5+ {[%clk 00:03:55]} {[%emt 00:00:15]} Kf7 {[%clk 00:02:54]} {[%emt
00:00:07]} 36. f5 {[%clk 00:03:30]} {[%emt 00:00:55]} gxf5 {[%clk 00:02:55]}
{[%emt 00:00:29]} 37. gxf5 {[%clk 00:03:52]} {[%emt 00:00:08]} Qg8+ {[%clk
00:02:54]} {[%emt 00:00:31]} 38. Rg3 {[%clk 00:03:09]} {[%emt 00:01:13]} Qe8
{[%clk 00:03:10]} {[%emt 00:00:14]} 39. fxe6+ {[%clk 00:02:27]} {[%emt
00:01:12]} Kxe6 {[%clk 00:03:27]} {[%emt 00:00:13]} 40. Qb6+ {[%clk 00:02:32]}
{[%emt 00:00:24]} Nc6 {[%clk 00:03:52]} {[%emt 00:00:06]} 41. Bxe7 {[%clk
00:02:32]} {[%emt 00:00:31]} Kxe7 {[%clk 00:02:42]} {[%emt 00:01:39]} 42. Qc7+
{[%clk 00:02:47]} {[%emt 00:00:15]} 1-0

[Event "Elite Hotels Open 2025"]
[Site "Elite Stadshotellet, Växjö, Sweden"]
[Date "2025.02.08"]
[Round "5.12"]
[White "Reid, Gregor J M"]
[Black "Ostensson, Julia"]
[Result "1/2-1/2"]
[TimeControl "R1-4: 15 min + 5 sek, R5-8: 90 min + 30 sek"]
[WhiteElo "2237"]
[BlackElo "1979"]

1. d4 {[%clk 01:30:49]} {[%emt 00:00:10]} Nf6 {[%clk 01:30:57]} {[%emt
00:00:05]} 2. c4 {[%clk 01:30:34]} {[%emt 00:00:45]} g6 {[%clk 01:31:23]}
{[%emt 00:00:04]} 3. Nc3 {[%clk 01:30:57]} {[%emt 00:00:06]} Bg7 {[%clk
01:31:51]} {[%emt 00:00:03]} 4. e4 {[%clk 01:31:20]} {[%emt 00:00:06]} d6
{[%clk 01:32:19]} {[%emt 00:00:03]} 5. f3 {[%clk 01:31:43]} {[%emt 00:00:06]}
O-O {[%clk 01:32:39]} {[%emt 00:00:10]} 6. Be3 {[%clk 01:32:07]} {[%emt
00:00:06]} c5 {[%clk 01:32:14]} {[%emt 00:00:55]} 7. Nge2 {[%clk 01:32:08]}
{[%emt 00:00:30]} Nc6 {[%clk 01:32:30]} {[%emt 00:00:13]} 8. Qd2 {[%clk
01:32:24]} {[%emt 00:00:13]} Qa5 {[%clk 01:15:31]} {[%emt 00:17:30]} 9. d5
{[%clk 01:26:04]} {[%emt 00:06:50]} Ne5 {[%clk 01:15:45]} {[%emt 00:00:17]} 10.
Nc1 {[%clk 01:23:48]} {[%emt 00:02:44]} Re8 {[%clk 01:10:26]} {[%emt 00:05:50]}
11. a3 {[%clk 01:15:11]} {[%emt 00:09:07]} e6 {[%clk 00:56:36]} {[%emt
00:14:20]} 12. b4 {[%clk 00:56:28]} {[%emt 00:19:12]} cxb4 {[%clk 00:56:31]}
{[%emt 00:00:36]} 13. Nb5 {[%clk 00:55:54]} {[%emt 00:01:04]} exd5 {[%clk
00:50:44]} {[%emt 00:06:18]} 14. Qxb4 {[%clk 00:52:50]} {[%emt 00:03:33]} Qxb4+
{[%clk 00:47:53]} {[%emt 00:03:21]} 15. axb4 {[%clk 00:53:07]} {[%emt
00:00:13]} dxe4 {[%clk 00:33:16]} {[%emt 00:15:09]} 16. Nc7 {[%clk 00:37:36]}
{[%emt 00:16:00]} exf3 {[%clk 00:33:42]} {[%emt 00:00:04]} 17. Nxe8 {[%clk
00:35:48]} {[%emt 00:02:18]} Nxe8 {[%clk 00:34:04]} {[%emt 00:00:08]} 18. Rxa7
{[%clk 00:35:22]} {[%emt 00:00:54]} Rxa7 {[%clk 00:33:23]} {[%emt 00:01:13]} 19.
Bxa7 {[%clk 00:35:42]} {[%emt 00:00:09]} fxg2 {[%clk 00:32:51]} {[%emt
00:01:03]} 20. Bxg2 {[%clk 00:35:39]} {[%emt 00:00:32]} Nxc4 {[%clk 00:33:18]}
{[%emt 00:00:05]} 21. O-O {[%clk 00:34:25]} {[%emt 00:01:41]} Nc7 {[%clk
00:32:42]} {[%emt 00:01:08]} 22. Nd3 {[%clk 00:30:32]} {[%emt 00:04:22]} b6
{[%clk 00:28:42]} {[%emt 00:04:31]} 23. Rc1 {[%clk 00:27:09]} {[%emt 00:03:50]}
Bd4+ {[%clk 00:27:14]} {[%emt 00:02:01]} 24. Kh1 {[%clk 00:27:30]} {[%emt
00:00:07]} Ba6 {[%clk 00:24:48]} {[%emt 00:02:57]} 25. Bb8 {[%clk 00:24:00]}
{[%emt 00:04:00]} Ne6 {[%clk 00:24:07]} {[%emt 00:01:11]} 26. Bd5 {[%clk
00:23:04]} {[%emt 00:01:26]} Ne3 {[%clk 00:21:29]} {[%emt 00:03:08]} 27. Bxe6
{[%clk 00:16:23]} {[%emt 00:07:11]} fxe6 {[%clk 00:06:56]} {[%emt 00:15:03]} 28.
b5 {[%clk 00:12:46]} {[%emt 00:04:07]} Bxb5 {[%clk 00:05:53]} {[%emt 00:01:33]}
29. Rc8+ {[%clk 00:12:07]} {[%emt 00:01:08]} Kf7 {[%clk 00:04:36]} {[%emt
00:01:48]} 30. Nf2 {[%clk 00:11:01]} {[%emt 00:01:36]} Be2 {[%clk 00:00:37]}
{[%emt 00:04:29]} 31. Bxd6 {[%clk 00:10:47]} {[%emt 00:00:44]} Nf5 {[%clk
00:00:45]} {[%emt 00:00:23]} 32. Rc7+ {[%clk 00:10:42]} {[%emt 00:00:35]} Kg8
{[%clk 00:00:46]} {[%emt 00:00:29]} 33. Rc8+ {[%clk 00:10:38]} {[%emt
00:00:34]} Kg7 {[%clk 00:01:08]} {[%emt 00:00:08]} 34. Bf8+ {[%clk 00:09:33]}
{[%emt 00:01:34]} Kf7 {[%clk 00:01:14]} {[%emt 00:00:24]} 35. Kg2 {[%clk
00:09:23]} {[%emt 00:00:40]} Ne3+ {[%clk 00:01:05]} {[%emt 00:00:39]} 36. Kh3
{[%clk 00:08:53]} {[%emt 00:01:00]} Be5 {[%clk 00:00:34]} {[%emt 00:01:02]} 37.
Ne4 {[%clk 00:07:45]} {[%emt 00:01:37]} Bf1+ {[%clk 00:00:44]} {[%emt
00:00:20]} 38. Kh4 {[%clk 00:08:04]} {[%emt 00:00:11]} Ng2+ {[%clk 00:00:39]}
{[%emt 00:00:36]} 39. Kg5 {[%clk 00:06:46]} {[%emt 00:01:47]} Bf4+ {[%clk
00:00:54]} {[%emt 00:00:16]} 40. Kg4 {[%clk 00:07:09]} {[%emt 00:00:07]} Be2+
{[%clk 00:00:38]} {[%emt 00:00:46]} 41. Kh3 {[%clk 00:07:05]} {[%emt 00:00:33]}
Ne3 {[%clk 00:00:53]} {[%emt 00:00:16]} 42. Bd6 {[%clk 00:03:07]} {[%emt
00:04:27]} Bg4+ {[%clk 00:00:38]} {[%emt 00:00:46]} 43. Kh4 {[%clk 00:03:26]}
{[%emt 00:00:11]} e5 {[%clk 00:00:35]} {[%emt 00:00:33]} 44. Rf8+ {[%clk
00:01:02]} {[%emt 00:02:54]} Ke6 {[%clk 00:01:00]} {[%emt 00:00:05]} 45. Rxf4
{[%clk 00:01:12]} {[%emt 00:00:20]} exf4 {[%clk 00:01:16]} {[%emt 00:00:14]} 46.
Bxf4 {[%clk 00:01:35]} {[%emt 00:00:07]} Kf5 {[%clk 00:00:35]} {[%emt
00:01:12]} 1/2-1/2

[Event "Elite Hotels Open 2025"]
[Site "Elite Stadshotellet, Växjö, Sweden"]
[Date "2025.02.08"]
[Round "5.13"]
[White "Krantz, Christopher"]
[Black "Ekberg, Karl"]
[Result "0-1"]
[TimeControl "R1-4: 15 min + 5 sek, R5-8: 90 min + 30 sek"]
[WhiteElo "2215"]
[BlackElo "1965"]

1. d4 {[%clk 01:30:57]} {[%emt 00:00:02]} Nf6 {[%clk 01:30:53]} {[%emt
00:00:07]} 2. Nf3 {[%clk 01:31:18]} {[%emt 00:00:07]} e6 {[%clk 01:31:15]}
{[%emt 00:00:10]} 3. Bg5 {[%clk 01:31:29]} {[%emt 00:00:19]} b6 {[%clk
01:28:24]} {[%emt 00:03:21]} 4. e4 {[%clk 01:29:59]} {[%emt 00:02:01]} h6
{[%clk 01:28:44]} {[%emt 00:00:10]} 5. Bxf6 {[%clk 01:29:54]} {[%emt 00:00:35]}
Qxf6 {[%clk 01:29:08]} {[%emt 00:00:05]} 6. Bd3 {[%clk 01:29:39]} {[%emt
00:00:44]} Bb7 {[%clk 01:28:29]} {[%emt 00:01:10]} 7. Nbd2 {[%clk 01:27:58]}
{[%emt 00:02:12]} g6 {[%clk 01:19:18]} {[%emt 00:09:41]} 8. c3 {[%clk
01:24:56]} {[%emt 00:03:32]} Bg7 {[%clk 01:19:03]} {[%emt 00:00:45]} 9. Qe2
{[%clk 01:24:58]} {[%emt 00:00:27]} Nc6 {[%clk 01:03:22]} {[%emt 00:16:11]} 10.
O-O {[%clk 01:22:14]} {[%emt 00:03:14]} O-O {[%clk 01:01:58]} {[%emt 00:01:54]}
11. Rfe1 {[%clk 01:17:20]} {[%emt 00:05:24]} e5 {[%clk 00:59:33]} {[%emt
00:02:56]} 12. d5 {[%clk 01:16:04]} {[%emt 00:01:45]} Nb8 {[%clk 00:59:11]}
{[%emt 00:00:52]} 13. c4 {[%clk 01:14:47]} {[%emt 00:01:47]} Qe7 {[%clk
00:57:50]} {[%emt 00:01:52]} 14. a3 {[%clk 01:12:41]} {[%emt 00:02:36]} d6
{[%clk 00:56:59]} {[%emt 00:01:21]} 15. b4 {[%clk 01:11:40]} {[%emt 00:01:30]}
Nd7 {[%clk 00:56:58]} {[%emt 00:00:31]} 16. Nb3 {[%clk 01:10:36]} {[%emt
00:01:34]} f5 {[%clk 00:56:35]} {[%emt 00:00:53]} 17. Nfd2 {[%clk 01:07:26]}
{[%emt 00:03:41]} f4 {[%clk 00:47:19]} {[%emt 00:09:46]} 18. Rac1 {[%clk
01:06:34]} {[%emt 00:01:21]} Nf6 {[%clk 00:44:31]} {[%emt 00:03:18]} 19. c5
{[%clk 01:05:40]} {[%emt 00:01:24]} f3 {[%clk 00:44:20]} {[%emt 00:00:42]} 20.
Nxf3 {[%clk 01:04:21]} {[%emt 00:01:49]} Nh5 {[%clk 00:43:59]} {[%emt
00:00:51]} 21. g3 {[%clk 01:03:06]} {[%emt 00:01:44]} Bc8 {[%clk 00:44:18]}
{[%emt 00:00:12]} 22. Nbd2 {[%clk 00:56:27]} {[%emt 00:07:08]} Bg4 {[%clk
00:38:19]} {[%emt 00:06:29]} 23. Qe3 {[%clk 00:54:58]} {[%emt 00:01:59]} Rf7
{[%clk 00:33:19]} {[%emt 00:05:31]} 24. cxd6 {[%clk 00:53:29]} {[%emt
00:01:59]} cxd6 {[%clk 00:33:38]} {[%emt 00:00:11]} 25. Bf1 {[%clk 00:51:42]}
{[%emt 00:02:16]} Raf8 {[%clk 00:33:13]} {[%emt 00:00:55]} 26. Bg2 {[%clk
00:51:38]} {[%emt 00:00:35]} Qd7 {[%clk 00:32:30]} {[%emt 00:01:13]} 27. Nh4
{[%clk 00:33:00]} {[%emt 00:19:08]} Kh7 {[%clk 00:32:19]} {[%emt 00:00:42]} 28.
f3 {[%clk 00:32:58]} {[%emt 00:00:31]} Bh3 {[%clk 00:32:08]} {[%emt 00:00:41]}
29. Rc6 {[%clk 00:30:26]} {[%emt 00:03:01]} Bf6 {[%clk 00:21:14]} {[%emt
00:11:24]} 30. Bxh3 {[%clk 00:08:56]} {[%emt 00:22:00]} Qxh3 {[%clk 00:21:32]}
{[%emt 00:00:12]} 31. Ng2 {[%clk 00:09:16]} {[%emt 00:00:11]} Bg5 {[%clk
00:17:04]} {[%emt 00:04:58]} 32. Qf2 {[%clk 00:08:51]} {[%emt 00:00:55]} Bxd2
{[%clk 00:16:58]} {[%emt 00:00:36]} 33. Qxd2 {[%clk 00:09:17]} {[%emt
00:00:03]} Rxf3 {[%clk 00:17:20]} {[%emt 00:00:08]} 34. Rc7+ {[%clk 00:08:39]}
{[%emt 00:01:08]} Kg8 {[%clk 00:17:11]} {[%emt 00:00:39]} 35. Rc3 {[%clk
00:08:47]} {[%emt 00:00:22]} R3f7 {[%clk 00:14:38]} {[%emt 00:03:03]} 36. Qe2
{[%clk 00:07:45]} {[%emt 00:01:32]} Nf6 {[%clk 00:14:34]} {[%emt 00:00:34]} 37.
Nh4 {[%clk 00:03:09]} {[%emt 00:05:07]} Nxe4 {[%clk 00:11:34]} {[%emt
00:03:29]} 38. Rf3 {[%clk 00:03:36]} {[%emt 00:00:03]} Rxf3 {[%clk 00:11:38]}
{[%emt 00:00:26]} 39. Nxf3 {[%clk 00:04:03]} {[%emt 00:00:03]} Nxg3 {[%clk
00:11:06]} {[%emt 00:01:03]} 40. Qg2 {[%clk 00:03:01]} {[%emt 00:01:32]} Qxg2+
{[%clk 00:09:44]} {[%emt 00:01:51]} 41. Kxg2 {[%clk 00:03:29]} {[%emt
00:00:02]} Nh5 {[%clk 00:09:58]} {[%emt 00:00:17]} 42. Rd1 {[%clk 00:02:34]}
{[%emt 00:01:24]} Rc8 {[%clk 00:08:51]} {[%emt 00:01:37]} 43. Rd2 {[%clk
00:01:57]} {[%emt 00:01:07]} Rc3 {[%clk 00:07:56]} {[%emt 00:01:25]} 44. Kf2
{[%clk 00:01:34]} {[%emt 00:00:58]} e4 {[%clk 00:08:06]} {[%emt 00:00:16]} 0-1

[Event "Elite Hotels Open 2025"]
[Site "Elite Stadshotellet, Växjö, Sweden"]
[Date "2025.02.08"]
[Round "5.14"]
[White "Johansson, William 2007"]
[Black "Eklund, Joel"]
[Result "1/2-1/2"]
[TimeControl "R1-4: 15 min + 5 sek, R5-8: 90 min + 30 sek"]
[WhiteElo "2020"]
[BlackElo "2205"]

1. e4 {[%clk 01:30:57]} {[%emt 00:00:02]} c6 {[%clk 01:30:45]} {[%emt
00:00:14]} 2. Nf3 {[%clk 01:31:15]} {[%emt 00:00:13]} d5 {[%clk 01:31:04]}
{[%emt 00:00:11]} 3. d3 {[%clk 01:31:39]} {[%emt 00:00:06]} dxe4 {[%clk
01:26:03]} {[%emt 00:05:32]} 4. dxe4 {[%clk 01:31:38]} {[%emt 00:00:31]} Qxd1+
{[%clk 01:26:26]} {[%emt 00:00:06]} 5. Kxd1 {[%clk 01:32:07]} {[%emt 00:00:02]}
Nf6 {[%clk 01:24:27]} {[%emt 00:02:29]} 6. Nbd2 {[%clk 01:32:28]} {[%emt
00:00:09]} Bg4 {[%clk 01:22:10]} {[%emt 00:02:46]} 7. Be2 {[%clk 01:32:52]}
{[%emt 00:00:06]} Bxf3 {[%clk 01:08:10]} {[%emt 00:14:31]} 8. Bxf3 {[%clk
01:24:01]} {[%emt 00:09:20]} Nbd7 {[%clk 01:07:28]} {[%emt 00:01:11]} 9. Be2
{[%clk 01:19:00]} {[%emt 00:05:32]} e5 {[%clk 01:05:35]} {[%emt 00:02:23]} 10.
c3 {[%clk 01:16:04]} {[%emt 00:03:26]} Bc5 {[%clk 00:58:26]} {[%emt 00:07:39]}
11. f3 {[%clk 01:15:57]} {[%emt 00:00:38]} a5 {[%clk 00:53:14]} {[%emt
00:05:41]} 12. a4 {[%clk 01:15:42]} {[%emt 00:00:44]} h5 {[%clk 00:47:33]}
{[%emt 00:06:13]} 13. h4 {[%clk 01:14:36]} {[%emt 00:01:36]} Nf8 {[%clk
00:44:58]} {[%emt 00:03:04]} 14. Nc4 {[%clk 01:09:43]} {[%emt 00:05:23]} N6d7
{[%clk 00:44:18]} {[%emt 00:01:10]} 15. f4 {[%clk 00:58:17]} {[%emt 00:11:57]}
exf4 {[%clk 00:37:45]} {[%emt 00:07:03]} 16. Bxf4 {[%clk 00:57:57]} {[%emt
00:00:49]} Ng6 {[%clk 00:36:27]} {[%emt 00:01:48]} 17. Bg3 {[%clk 00:57:59]}
{[%emt 00:00:28]} Ke7 {[%clk 00:31:53]} {[%emt 00:05:04]} 18. Kc2 {[%clk
00:57:21]} {[%emt 00:01:08]} f6 {[%clk 00:26:11]} {[%emt 00:06:13]} 19. Rad1
{[%clk 00:55:40]} {[%emt 00:02:10]} Nge5 {[%clk 00:25:46]} {[%emt 00:00:55]} 20.
Rhf1 {[%clk 00:52:57]} {[%emt 00:03:13]} Nxc4 {[%clk 00:16:14]} {[%emt
00:10:03]} 21. Bxc4 {[%clk 00:53:17]} {[%emt 00:00:09]} Raf8 {[%clk 00:09:36]}
{[%emt 00:07:08]} 22. Rd3 {[%clk 00:26:52]} {[%emt 00:26:55]} Ne5 {[%clk
00:08:17]} {[%emt 00:01:49]} 23. Bxe5 {[%clk 00:27:11]} {[%emt 00:00:12]} fxe5
{[%clk 00:08:43]} {[%emt 00:00:04]} 24. Rdf3 {[%clk 00:27:24]} {[%emt
00:00:17]} Rxf3 {[%clk 00:08:44]} {[%emt 00:00:29]} 25. Rxf3 {[%clk 00:27:44]}
{[%emt 00:00:09]} Rf8 {[%clk 00:08:54]} {[%emt 00:00:20]} 26. Rxf8 {[%clk
00:27:29]} {[%emt 00:00:45]} Kxf8 {[%clk 00:09:19]} {[%emt 00:00:05]} 27. Be2
{[%clk 00:27:52]} {[%emt 00:00:07]} g6 {[%clk 00:07:21]} {[%emt 00:02:29]} 28.
g4 {[%clk 00:28:09]} {[%emt 00:00:12]} hxg4 {[%clk 00:07:47]} {[%emt 00:00:04]}
29. Bxg4 {[%clk 00:28:31]} {[%emt 00:00:08]} Bf2 {[%clk 00:08:10]} {[%emt
00:00:08]} 30. h5 {[%clk 00:28:56]} {[%emt 00:00:04]} gxh5 {[%clk 00:08:36]}
{[%emt 00:00:04]} 31. Bxh5 {[%clk 00:29:17]} {[%emt 00:00:09]} 1/2-1/2

[Event "Elite Hotels Open 2025"]
[Site "Elite Stadshotellet, Växjö, Sweden"]
[Date "2025.02.08"]
[Round "5.15"]
[White "Torres, Lucas"]
[Black "Ljung, Harald"]
[Result "0-1"]
[TimeControl "R1-4: 15 min + 5 sek, R5-8: 90 min + 30 sek"]
[WhiteElo "1959"]
[BlackElo "2169"]

1. e4 {[%clk 01:30:56]} {[%emt 00:00:03]} c5 {[%clk 01:30:55]} {[%emt
00:00:05]} 2. Nc3 {[%clk 01:31:14]} {[%emt 00:00:12]} Nc6 {[%clk 01:31:15]}
{[%emt 00:00:10]} 3. Bb5 {[%clk 01:31:42]} {[%emt 00:00:02]} d6 {[%clk
01:30:32]} {[%emt 00:01:14]} 4. Bxc6+ {[%clk 01:31:52]} {[%emt 00:00:19]} bxc6
{[%clk 01:30:57]} {[%emt 00:00:05]} 5. d3 {[%clk 01:32:00]} {[%emt 00:00:22]}
Nf6 {[%clk 01:31:01]} {[%emt 00:00:26]} 6. f4 {[%clk 01:31:31]} {[%emt
00:00:59]} g6 {[%clk 01:25:31]} {[%emt 00:06:00]} 7. Nf3 {[%clk 01:31:32]}
{[%emt 00:00:28]} Bg7 {[%clk 01:25:57]} {[%emt 00:00:05]} 8. O-O {[%clk
01:31:31]} {[%emt 00:00:30]} O-O {[%clk 01:22:17]} {[%emt 00:04:11]} 9. h3
{[%clk 01:20:58]} {[%emt 00:11:02]} Rb8 {[%clk 01:13:19]} {[%emt 00:09:29]} 10.
Qe1 {[%clk 01:14:48]} {[%emt 00:06:40]} c4 {[%clk 01:00:24]} {[%emt 00:13:25]}
11. d4 {[%clk 01:14:05]} {[%emt 00:01:13]} Nd7 {[%clk 00:56:32]} {[%emt
00:04:21]} 12. Rb1 {[%clk 00:41:34]} {[%emt 00:33:02]} e6 {[%clk 00:47:15]}
{[%emt 00:09:47]} 13. Be3 {[%clk 00:40:34]} {[%emt 00:01:29]} Qe7 {[%clk
00:35:55]} {[%emt 00:11:49]} 14. e5 {[%clk 00:34:24]} {[%emt 00:06:41]} d5
{[%clk 00:26:21]} {[%emt 00:10:06]} 15. g4 {[%clk 00:31:11]} {[%emt 00:03:42]}
f5 {[%clk 00:20:43]} {[%emt 00:06:08]} 16. Kg2 {[%clk 00:25:30]} {[%emt
00:06:10]} c5 {[%clk 00:20:09]} {[%emt 00:01:06]} 17. Qg3 {[%clk 00:17:51]}
{[%emt 00:08:06]} Bb7 {[%clk 00:15:52]} {[%emt 00:04:49]} 18. Qh4 {[%clk
00:11:25]} {[%emt 00:06:57]} Qxh4 {[%clk 00:13:45]} {[%emt 00:02:36]} 19. Nxh4
{[%emt 00:00:31]} cxd4 {[%clk 00:13:46]} 20. Bxd4 {[%clk 00:12:21]} fxg4 {[%clk
00:13:52]} {[%emt 00:00:24]} 21. hxg4 {[%clk 00:12:50]} g5 {[%clk 00:14:12]}
{[%emt 00:00:11]} 22. Nf3 {[%clk 00:11:24]} {[%emt 00:01:55]} Rxf4 {[%clk
00:14:05]} {[%emt 00:00:37]} 23. Kg3 {[%clk 00:11:36]} {[%emt 00:00:17]} Rxd4
{[%clk 00:14:01]} {[%emt 00:00:35]} 24. Nxd4 {[%clk 00:12:02]} {[%emt
00:00:04]} Bxe5+ {[%clk 00:14:29]} {[%emt 00:00:02]} 25. Kh3 {[%clk 00:11:55]}
{[%emt 00:00:38]} Bxd4 {[%clk 00:14:54]} {[%emt 00:00:04]} 26. Rbe1 {[%clk
00:11:41]} {[%emt 00:00:44]} Nf8 {[%clk 00:14:24]} {[%emt 00:00:59]} 27. Nb5
{[%clk 00:08:41]} {[%emt 00:03:30]} Bg7 {[%clk 00:13:08]} {[%emt 00:01:47]} 28.
Nd6 {[%clk 00:07:03]} {[%emt 00:02:07]} Bc6 {[%clk 00:12:19]} {[%emt 00:01:18]}
29. b3 {[%clk 00:06:49]} {[%emt 00:00:47]} c3 {[%clk 00:10:05]} {[%emt
00:02:43]} 30. Nf7 {[%clk 00:04:53]} {[%emt 00:02:26]} h6 {[%clk 00:08:49]}
{[%emt 00:01:45]} 31. Ne5 {[%clk 00:04:54]} {[%emt 00:00:30]} Be8 {[%clk
00:07:37]} {[%emt 00:01:41]} 32. Rf3 {[%clk 00:04:59]} {[%emt 00:00:27]} Bxe5
{[%clk 00:06:38]} {[%emt 00:01:29]} 33. Rxe5 {[%clk 00:05:23]} {[%emt
00:00:06]} Ng6 {[%clk 00:07:02]} {[%emt 00:00:04]} 34. Rxe6 {[%clk 00:03:04]}
{[%emt 00:02:51]} Nf4+ {[%clk 00:07:28]} {[%emt 00:00:03]} 35. Rxf4 {[%clk
00:03:21]} {[%emt 00:00:13]} gxf4 {[%clk 00:07:56]} {[%emt 00:00:02]} 36. Rxh6
{[%clk 00:03:32]} {[%emt 00:00:19]} Rb6 {[%clk 00:08:10]} {[%emt 00:00:16]} 37.
Rh4 {[%clk 00:02:42]} {[%emt 00:01:20]} Re6 {[%clk 00:07:42]} {[%emt 00:00:58]}
38. g5 {[%clk 00:02:42]} {[%emt 00:00:29]} Re2 {[%clk 00:07:52]} {[%emt
00:00:21]} 39. Kg4 {[%clk 00:02:59]} {[%emt 00:00:13]} Bd7+ {[%clk 00:07:54]}
{[%emt 00:00:29]} 40. Kf3 {[%clk 00:02:52]} {[%emt 00:00:36]} Rxc2 {[%clk
00:07:58]} {[%emt 00:00:25]} 41. Rxf4 {[%clk 00:02:58]} {[%emt 00:00:25]} Rd2
{[%clk 00:08:16]} {[%emt 00:00:10]} 0-1